Metodologías cualitativas en ciencias sociales (Registro nro. 12)

Detalles MARC
000 -LEADER
fixed length control field 01818 a2200241 4500
001 - CONTROL NUMBER
control field 15
005 - DATE AND TIME OF LATEST TRANSACTION
control field 20260407155402.0
008 - FIXED-LENGTH DATA ELEMENTS--GENERAL INFORMATION
fixed length control field 260407a2007 arg spa d
003 - CONTROL NUMBER IDENTIFIER
control field AR-UNSa-BCEJYS
040 ## - CATALOGING SOURCE
Original cataloging agency AR-UNSa-BCEJYS
Language of cataloging spa
Transcribing agency AR-UNSa-BCEJYS
080 ## - UNIVERSAL DECIMAL CLASSIFICATION NUMBER
Universal Decimal Classification number 001.8
Common auxiliary subdivision Metodología. Estudio general del método. Procedimientos científicos y técnicos para el estudio, La investigación y la discusión
020 ## - INTERNATIONAL STANDARD BOOK NUMBER
International Standard Book Number 950-786-415-6
041 ## - LANGUAGE CODE
Language code of text/sound track or separate title spa
100 1# - MAIN ENTRY--PERSONAL NAME
Personal name Kornblit, Ana Lidia
245 10 - TITLE STATEMENT
Title Metodologías cualitativas en ciencias sociales
Name of part/section of a work modelos y procedimientos de análisis
250 ## - EDITION STATEMENT
Edition statement 2a. ed.
264 #1 - PRODUCTION, PUBLICATION, DISTRIBUTION, MANUFACTURE, AND COPYRIGHT NOTICE
Place of production, publication, distribution, manufacture Buenos Aires :
Name of producer, publisher, distributor, manufacturer Biblos
Date of production, publication, distribution, manufacture, or copyright notice 2007
300 ## - PHYSICAL DESCRIPTION
Extent 206 p.
Dimensions 23 cm.
505 ## - FORMATTED CONTENTS NOTE
Formatted contents note 1. Historias y relatos de vida: una herramienta Clave en metodologías cualitativas - 2. Ensamblando las voces: los actores en el texto sociológico - 3. La teoría fundamentada: su aplicación en una investigación sobre vida cotidiana con VIH/sida y con hepatitis C - 4. La agenda de la opinión pública a través de la discusión grupal. Una técnica de investigación cualitativa: el grupo focal - 5. Representaciones sociales: una teoría metodológicamente pluralista - 6. Algunos instrumentos para el análisis de las noticias en los medios gráficos - 7. Una mirada desde el análisis del discurso al género de la "mesa redonda": el encuentro de Urondo, Portantiero, Benedetti y Walsh en Cuba - 8. Verbo y situación comunicativa: los tiempos más allá del tiempo - 9. Entre el poder del discurso y el discurso del poder: aproximaciones teóricas y metodológicas al estudio del discurso político
590 ## - LOCAL NOTE (RLIN)
Local note niveau_biblio:m niveau_hierar:0
856 41 - ELECTRONIC LOCATION AND ACCESS
Uniform Resource Identifier <a href="https://biblioeco.unsa.edu.ar/pmb/images/libros/Metodologias cualitativas en ciencias sociales2-l116821.jpg">https://biblioeco.unsa.edu.ar/pmb/images/libros/Metodologias cualitativas en ciencias sociales2-l116821.jpg</a>
Link text Imagen de portada
Electronic format type image/jpeg
942 ## - ADDED ENTRY ELEMENTS (KOHA)
Koha item type
Existencias
Withdrawn status Lost status Damaged status Not for loan Home library Current library Shelving location Date acquired Total checkouts Full call number Barcode Date last seen Price effective from Koha item type
        Biblioteca Prof. Eusebio Cleto del Rey Biblioteca Prof. Eusebio Cleto del Rey   07/04/2026   001.8 K84 2ed. L116820 07/04/2026 07/04/2026 Libro
        Biblioteca Prof. Eusebio Cleto del Rey Biblioteca Prof. Eusebio Cleto del Rey   07/04/2026   001.8 K84 2ed. L116821 07/04/2026 07/04/2026 Libro